[Event "Santa Cruz de la Palma op"]
[Site "Santa Cruz"]
[Date "1995.??.??"]
[Round "?"]
[White "Villavicencio, Adalberto"]
[Black "Granda Zuniga, Julio E"]
[Result "0-1"]
[WhiteElo "2325"]
[BlackElo "2620"]

1.d4 d5 2.c4 c6 3.Nc3 e6 4.Nf3 dxc4 5.a4 Bb4 6.e3 b5 7.Ne5 Nf6 8.Bd2 Bxc3
9.bxc3 O-O 10.Be2 Qc7 11.Qb1 a6 12.f4 Nd5 13.e4 Ne7 14.O-O f6 15.Ng4 Nd7
16.Bc1 Rb8 17.Kh1 f5 18.Ne5 Nf6 19.exf5 exf5 20.Ba3 Nfd5 21.Bf3 Rf6 22.Qe1 Bb7
23.g3 Re6 24.Bc5 Nf6 25.Qd2 Re8 26.Rfe1 Ned5 27.h3 Nd7 28.Bxd5 cxd5 29.Nxd7 Qxd7
30.axb5 Qxb5 31.Re5 Bc8 32.Kh2 Rxe5 33.fxe5 f4 34.gxf4 Bf5 35.Rg1 Qd7 36.Rg3 Rb8
37.Qa2 Qe6 38.Bb4 Rb5 39.Qg2 Qd7 40.Qa2 a5 41.Bd6 Be4 42.Rg1 Qb7 43.Ba3 Rb3
44.Bc1 Rxc3 45.Qxa5 Rc2+ 46.Kg3 h6 47.Qd8+ Kh7 48.e6 Rxc1 49.Rxc1 Qb3+ 50.Kh4 Bf5  0-1

[Event "Santa Cruz de la Palma op"]
[Site "Santa Cruz"]
[Date "1995.??.??"]
[Round "?"]
[White "Solana Suarez, Ernesto"]
[Black "Granda Zuniga, Julio E"]
[Result "0-1"]
[WhiteElo "2385"]
[BlackElo "2620"]

1.e4 c5 2.c3 Nf6 3.e5 Nd5 4.d4 e6 5.Nf3 cxd4 6.cxd4 b6 7.Nc3 Nxc3 8.bxc3 Qc7
9.Bd2 Bb7 10.Bd3 d6 11.O-O Nd7 12.Re1 h6 13.Bf4 Rc8 14.d5 Bxd5 15.Bb5 Qc5
16.Nd4 Bc4 17.Bxd7+ Kxd7 18.exd6 Qa5 19.Re5 Qa6 20.a4 g6 21.a5 b5 22.Nb3 Bxb3
23.Qxb3 Bxd6 24.Rd1 Ke7 25.Rxe6+ fxe6 26.Rxd6 Qxd6 27.Bxd6+ Kxd6 28.Qxb5 Rxc3
29.Qb4+ Rc5 30.g3 e5 31.Qe4 Rg8 32.Qd3+ Ke7 33.Qa6 Rc7 34.Qb5 Kf6 35.Qa6+ Kf7
36.Qd6 Re7 37.Qd5+ Kg7 38.h4 h5 39.Kg2 Rge8 40.Qe4 Re6 41.Qd5 R8e7 42.Qe4 Rf6
43.Qd5 Rf5 44.Qd6 Ref7 45.Kh3 Kh7 46.Qe6 Rxf2 47.Qxe5 R2f5 48.Qe6 Kg7 49.Qe3 Rc7
50.a6 Rd7 51.Qe6 Rfd5 52.Qe3 R5d6 53.Qe5+ Kf7 54.Qf4+ Rf6 55.Qc4+ Ke7 56.Qc5+ Kd8
57.Qb5 Rb6 58.Qc4 Ke7 59.Qe4+ Re6 60.Qb4+ Kf7 61.Qc4 Re7 62.Qd5 Rc7 63.Qb3 Ke7
64.Qb4+ Rd6 65.Qb8 Rcd7 66.Qb4 Rc7 67.Qb8 Kd7 68.Qb5+ Ke6 69.Qg5 Kf7 70.Qf4+ Ke7
71.Qe5+ Kd7 72.Qb5+ Rdc6 73.Qd5+ Ke7 74.Qe5+ Kf8 75.Qh8+ Kf7 76.Qh7+ Kf6
77.Qh8+ Kf5 78.Qf8+ Ke5 79.Qf4+ Kd5 80.Qb4 Rc4 81.Qb5+ Kd4 82.Qb2+ Kd5 83.Qb5+ Kd6
84.Qb8 Rg4 85.Qf8+ Kc6 86.Qf6+ Kb5 87.Qf1+ Kb6 88.Qa1 Rc6 89.Qa3 Kb5 90.Qd3+ Rgc4
91.Qd7 Kxa6 92.Qd3 Kb6 93.Qb3+ Kc7 94.Qe3 a6 95.Qa7+ Kd6 96.Qb8+ Kd5 97.Qd8+ Rd6
98.Qa5+ Ke6 99.Qa2 Rc6 100.Qe2+ Kf7 101.Qe5 Re6 102.Qd5 Rc7 103.Qf3+ Kg7
104.Qd5 Ree7 105.Qd4+ Kh7 106.Qb6 Ra7 107.g4 Reb7 108.Qe6 hxg4+ 109.Kxg4 Rb5
110.Qe3 Rab7 111.Qe8 a5 112.Qa8 Rc7 113.Qa6 Rb4+ 114.Kf3 Rc3+ 115.Ke2 Ra3
116.Kd2  0-1

[Event "Sao Paulo zt"]
[Site "Sao Paulo"]
[Date "1995.??.??"]
[Round "1"]
[White "Disconzi da Silva, Rodrigo"]
[Black "Granda Zuniga, Julio E"]
[Result "0-1"]
[WhiteElo "2370"]
[BlackElo "2620"]

1.d4 Nf6 2.Bg5 Ne4 3.Bf4 d5 4.Nd2 Bf5 5.e3 c6 6.c3 Nd7 7.Nxe4 Bxe4 8.f3 Bg6
9.Bd3 e6 10.Nh3 Qb6 11.Bxg6 hxg6 12.Qc2 c5 13.O-O Rc8 14.Qb3 Be7 15.Qxb6 Nxb6
16.Rfe1 f6 17.Bg3 Kf7 18.Nf2 Rc6 19.Re2 Rhc8 20.Nd3 c4 21.Nf2 Na4 22.e4 b5
23.exd5 exd5 24.a3 Re6 25.Rxe6 Kxe6 26.Nd1 Kd7 27.Kf1 Re8 28.Rc1 a5 29.Be1 Rb8
30.Ra1 Bd6 31.Bg3 Bxg3 32.hxg3 Kc6 33.Kf2 Rh8 34.Kg1 Kd6 35.Ra2 Nb6 36.Ra1 Nc8
37.Ne3 Ne7 38.Nc2 Nc6 39.Kf2 g5 40.Ne3 g6 41.Ke2 f5 42.g4 f4 43.Nc2 Kc7 44.Kf2 Rb8
45.Ke2 b4 46.axb4 axb4 47.Kd2 b3 48.Na3 Rh8 49.Re1 Kd7 50.Kc1 Rh2 51.Rg1 Ne7
52.Nb1 Nc8 53.Nd2 Nd6 54.Nb1 Nb5 55.Na3 Nc7 56.Kd1 Na8 57.Kc1 Nb6 58.Nb1 Ke6
59.Re1+ Kd6 60.Rg1 Nd7 61.Kd1 Nf6 62.Nd2 Rh8 63.Nb1 Rh7 64.Re1 Rh2 65.Rg1 Ne8
66.Kc1 Ke6 67.Re1+ Kd7 68.Rg1 Nd6 69.Na3 Kc6 70.Kd1 Kb6 71.Kc1 Kc7 72.Kd1 Kd8
73.Kc1 Kd7 74.Kd1 Ke6 75.Re1+ Kf6 76.Rg1 Rh8 77.Re1 Rd8 78.Kd2 Nc8 79.Nb1 Rd7
80.Na3 Nb6 81.Kc1 Ra7 82.Re2 Ra8 83.Kd1 Na4 84.Nb5 Ra5 85.Na3 Nxc3+ 86.bxc3 Rxa3  0-1

[Event "Sao Paulo zt"]
[Site "Sao Paulo"]
[Date "1995.??.??"]
[Round "2"]
[White "Granda Zuniga, Julio E"]
[Black "Vescovi, Giovanni"]
[Result "1/2-1/2"]
[WhiteElo "2620"]
[BlackElo "2465"]

1.d4 Nf6 2.Nf3 g6 3.g3 Bg7 4.Bg2 O-O 5.O-O c5 6.d5 d6 7.c4 b5 8.cxb5 a6 9.bxa6 Nbd7
10.Nc3 Nb6 11.Nd2 Bxa6 12.Qc2 Bb7 13.e4 Ba6 14.Rd1 Ng4 15.Nf3 Nc4 16.h3 Nge5
17.Nxe5 Nxe5 18.Bf4 Qa5 19.Bxe5 Bxe5 20.Bf1 Rfb8 21.Bxa6 Rxa6 22.Rdc1 Qb4
23.Qe2 Rab6 24.Rc2 Qa5 25.Rd1 Kg7 26.Kg2 R8b7 27.Rd3 Rb4 28.Re3 Bxc3 29.bxc3 Ra4
30.e5 Ra7 31.exd6 exd6 32.Re7 c4 33.Rxa7 Qxd5+ 34.Qf3 Qxf3+ 35.Kxf3 Rxa7
36.Ke4 Ra5 37.Kd4 d5 38.Ke5 Kf8 39.Kd6 Kg7 40.h4 Kf6 41.a4 Kf5 42.f3 g5 43.hxg5 Kxg5
44.Rd2 f5 45.Rxd5 Rxa4 46.Kc5 h5 47.Rd8 Ra1 48.Kxc4 Rf1 49.f4+ Kg4 50.Rg8+ Kf3
51.Kd5 Rg1 52.Rh8 Rxg3 53.Ke5 Kg4 54.Rg8+ Kf3 55.Rh8 Kg4 56.Rg8+  1/2-1/2

[Event "Sao Paulo zt"]
[Site "Sao Paulo"]
[Date "1995.??.??"]
[Round "5"]
[White "Leitao, Rafael"]
[Black "Granda Zuniga, Julio E"]
[Result "0-1"]
[WhiteElo "2310"]
[BlackElo "2620"]

1.d4 d5 2.c4 e6 3.Nc3 c6 4.e4 dxe4 5.Nxe4 Bb4+ 6.Bd2 Qxd4 7.Bxb4 Qxe4+ 8.Be2 Na6
9.Bc3 f6 10.Nf3 Ne7 11.O-O Qf4 12.Bd3 Nc5 13.g3 Qc7 14.Bc2 e5 15.Nd2 Bf5
16.Bxf5 Nxf5 17.Qg4 g6 18.Bb4 Qb6 19.Ba3 O-O-O 20.Rad1 Kb8 21.Ne4 Nxe4 22.Qxe4 h5
23.b3 Qa5 24.Bb2 Qxa2 25.Qc2 Qa5 26.Bc3 Qc7 27.Ra1 c5 28.b4 Qc6 29.Qa2 a6
30.b5 Qf3 31.bxa6 b6 32.a7+ Ka8 33.Qb2 h4  0-1

[Event "Zaragoza op-A"]
[Site "Zaragoza"]
[Date "1995.??.??"]
[Round "1"]
[White "De la Riva Aguado, Oscar"]
[Black "Granda Zuniga, Julio E"]
[Result "0-1"]
[WhiteElo "2425"]
[BlackElo "2620"]

1.e4 c5 2.Nf3 Nc6 3.Bb5 e6 4.O-O Nge7 5.b3 a6 6.Bxc6 Nxc6 7.Bb2 Qc7 8.Re1 b6
9.d4 cxd4 10.Nxd4 Nxd4 11.Qxd4 Bb7 12.Nd2 f6 13.Nf3 Be7 14.Rad1 b5 15.Qd2 Rc8
16.h4 h5 17.Re3 e5 18.Bc3 Qc6 19.Ne1 Bc5 20.Rg3 O-O 21.Qxd7 Qxd7 22.Rxd7 Rf7
23.Rd2 Bxe4 24.Nd3 Bb6 25.Nb2 Rb7 26.a3 Kf7 27.Kf1 Bc5 28.Nd1 Bxa3 29.b4 Bc1
30.Re2 Bd5 31.Ne3 Rxc3 32.Nxd5 Rxg3 33.fxg3 Rd7 34.Nc3 Bd2 35.Na2 Rd4 36.Kf2 e4
37.c3 e3+ 38.Kf3 Rc4  0-1

[Event "Zaragoza op-A"]
[Site "Zaragoza"]
[Date "1995.??.??"]
[Round "3"]
[White "Eslon, Jaan"]
[Black "Granda Zuniga, Julio E"]
[Result "1/2-1/2"]
[WhiteElo "2420"]
[BlackElo "2620"]

1.d4 d5 2.c4 dxc4 3.Nf3 Nf6 4.e3 e6 5.Bxc4 c5 6.Nbd2 cxd4 7.Nxd4 a6 8.O-O Bd6
9.Be2 O-O 10.b3 Qe7 11.Nc4 Bc5 12.Bb2 Bd7 13.Ne5 Rd8 14.Rc1 Bb5 15.Qc2 Bxe2
16.Nxe2 Bd6 17.Nc4 Bc7 18.Ne5 Nd5 19.Nf3 Bd6 20.Qb1 Nd7 21.Nc3 N5f6 22.Rfd1 Nc5
23.Qc2 Rac8 24.Qe2 b5 25.Ne1 h6 26.h3 Ncd7 27.Nb1 Nd5 28.Nd2 Ba3 29.Nb1 Bxb2
30.Qxb2 Nc5 31.a3 Nb6 32.Rxd8+ Rxd8 33.Qc2 Rc8 34.Qb2 Qd6 35.Nd2 Rd8 36.Ndf3 Qd5
37.Nd4 g6 38.Qc3 Rc8 39.Qa5 Qb7 40.Nef3 Ncd7 41.Rxc8+ Qxc8 42.Qd2 e5 43.Ne2 Qc5
44.Qb2 Qd6 45.Nc3 Kf8 46.e4 Ke7 47.Qc1 Qc5 48.b4 Qc7 49.Qe3 Kf6 50.Nd2 Kg7
51.Qd3 Nf8 52.Nd5 Qd6 53.Nf4 Qc6 54.Nd5 Na4 55.Nf3 Nd7 56.g3 Nb2 57.Qd2 Nc4
58.Qc3 Qe6 59.Kg2 f5 60.Nd2 fxe4 61.Nxc4 Qxd5 62.Ne3 Qb7 63.Kg1 h5 64.h4 Kf8
65.Qc2 Ke7 66.a4 bxa4 67.Qxa4 Kd8 68.Qa5+ Qb6 69.Qa3 Qc6 70.Qb2 Kc7 71.Qa3 Kb7
72.Qb2 Qb5 73.Qa3 Nf6 74.Qb3 Qd7 75.Qc4 Qe7 76.b5 axb5 77.Qxb5+ Kc7 78.Nd5+ Nxd5
79.Qxd5 Qf6 80.Qxe4  1/2-1/2

[Event "Zaragoza op-A"]
[Site "Zaragoza"]
[Date "1995.??.??"]
[Round "9"]
[White "Korneev, Oleg"]
[Black "Granda Zuniga, Julio E"]
[Result "1/2-1/2"]
[WhiteElo "2540"]
[BlackElo "2620"]

1.e4 c5 2.Nf3 Nc6 3.d4 cxd4 4.Nxd4 e6 5.Nb5 Nf6 6.N1c3 d6 7.Bf4 e5 8.Bg5 a6
9.Na3 b5 10.Nd5 Qa5+ 11.Bd2 Qd8 12.Bg5 Qa5+ 13.Bd2 Qd8  1/2-1/2

[Event "Donner mem"]
[Site "Amsterdam"]
[Date "1996.??.??"]
[Round "1"]
[White "Salov, Valery"]
[Black "Granda Zuniga, Julio E"]
[Result "1/2-1/2"]
[WhiteElo "2675"]
[BlackElo "2610"]

1.d4 d5 2.c4 c6 3.Nf3 Nf6 4.Qc2 g6 5.Bf4 Bg7 6.e3 O-O 7.Nc3 Bg4 8.Ne5 Be6
9.Qb3 Qb6 10.h3 Nbd7 11.Nxd7 Nxd7 12.cxd5 Qxb3 13.axb3 Bxd5 14.Nxd5 cxd5
15.Bb5 Nb6 16.Kd2 Rfc8 17.Rhc1 Rxc1 18.Rxc1 Rc8 19.Rc7 Rxc7 20.Bxc7 e6 21.Kc3 Bf8
22.b4 a6 23.Bd3 Na8 24.Bd8 b5 25.e4 f5 26.exd5 exd5 27.g4 fxg4 28.Be2 Kf7
29.Bxg4 Bd6 30.Bc8 Nc7 31.Bb7 Ke6 32.Bc8+ Kf7 33.Bg5 Ne6 34.Be3 Nc7 35.Bh6 Kf6
36.h4 Kf7 37.Bd2 Ke8 38.Kd3 Kd8 39.Bb7 Kd7 40.Kc3 h5 41.Bg5 Bf8 42.Bf6 Bd6  1/2-1/2

[Event "Donner mem"]
[Site "Amsterdam"]
[Date "1996.??.??"]
[Round "2"]
[White "Granda Zuniga, Julio E"]
[Black "Ivanchuk, Vassily"]
[Result "1/2-1/2"]
[WhiteElo "2610"]
[BlackElo "2730"]

1.d4 d5 2.c4 e6 3.Nc3 Be7 4.Bf4 Nf6 5.e3 O-O 6.Nf3 c5 7.dxc5 Bxc5 8.a3 Nc6
9.b4 Be7 10.h3 dxc4 11.Bxc4 Qxd1+ 12.Rxd1 a6 13.O-O b5 14.Bd3 Rd8 15.Ne4 Nd5
16.Bg3 Bb7 17.Nc5 Bxc5 18.bxc5 Nc3 19.Rd2 b4 20.axb4 Nxb4 21.Bd6 Nxd3 22.Rxd3 Nb5
23.Ra1 Rac8 24.Rdd1 Nc3 25.Rd2 Bxf3 26.gxf3 Rc6 27.Rb2 Nb5 28.Rxa6 Rxa6 29.Rxb5 f6
30.Rb7 e5 31.Kg2  1/2-1/2

[Event "Donner mem"]
[Site "Amsterdam"]
[Date "1996.??.??"]
[Round "5"]
[White "Morozevich, Alexander"]
[Black "Granda Zuniga, Julio E"]
[Result "0-1"]
[WhiteElo "2610"]
[BlackElo "2610"]

1.e4 c6 2.d4 d5 3.Nd2 dxe4 4.Nxe4 Bf5 5.Ng3 Bg6 6.h4 h6 7.Nf3 Nf6 8.h5 Bh7
9.Bd3 Bxd3 10.Qxd3 e6 11.Bd2 c5 12.O-O-O Nc6 13.Be3 Qb6 14.Ne4 Nb4 15.Nxf6+ gxf6
16.Qc4 Nd5 17.dxc5 Nxe3 18.fxe3 Bxc5 19.e4 Rg8 20.Qe2 Qa6 21.Rhe1 Qxe2 22.Rxe2 Rc8
23.c3 b5 24.Kc2 Bb6 25.b4 Rg4 26.Kb3 Ke7 27.Rdd2 a6 28.Rc2 Rf4 29.a4 f5 30.exf5 Rxf5
31.a5 Ba7 32.c4 bxc4+ 33.Rxc4 Rxc4 34.Kxc4 f6 35.Rb2 Rxh5 36.Rb3 Kd6 37.Nd2 Rh4+
38.Kc3 Kc6 39.Kc2 Rg4 40.Rc3+ Kb5 41.Rc7 Be3 42.Kd3 Bxd2 43.Rb7+ Ka4 44.Kxd2 Rxb4
45.Rb6 Kxa5 46.Rxe6 Rb6 47.Re4 Rb2+ 48.Kc3 Rxg2 49.Rf4 Rg6 50.Rf5+ Kb6 51.Kc4 h5
52.Rxh5 Rg4+ 53.Kc3 Rg5 54.Rh6 Rf5 55.Rh8 a5 56.Kc4 Kc7 57.Ra8 Kd6 58.Ra6+ Ke7
59.Kd4 Re5 60.Kd3 Kf7 61.Kd4 Kg6 62.Ra8 Kf5 63.Ra6 a4 64.Kd3 Re4 65.Rb6 Ke5
66.Rb5+ Kf4 67.Ra5 f5 68.Kd2 Kg5 69.Kd3 Kg4 70.Rb5 a3 71.Ra5 Kf4 72.Kd2 Re3  0-1

[Event "Donner mem"]
[Site "Amsterdam"]
[Date "1996.??.??"]
[Round "6"]
[White "Granda Zuniga, Julio E"]
[Black "Timman, Jan H"]
[Result "1/2-1/2"]
[WhiteElo "2610"]
[BlackElo "2590"]

1.d4 Nf6 2.c4 e6 3.Nf3 c5 4.d5 exd5 5.cxd5 d6 6.Nc3 g6 7.e4 Bg7 8.Bd3 Bg4
9.Qa4+ Nfd7 10.Nd2 O-O 11.O-O Ne5 12.Bb1 Bd7 13.Qb3 Na6 14.Nc4 Nxc4 15.Qxc4 Nc7
16.a4 a6 17.Bf4 Qe7 18.Qd3 b5 19.Qg3 Be5 20.Bxe5 dxe5 21.f4 f6 22.Bd3 c4
23.Be2 Qd6 24.fxe5 fxe5 25.Qe3 Rac8 26.Rxf8+ Rxf8 27.a5 Ne8 28.Nd1 Qb4 29.Bf3 Nd6
30.h4 Nb7 31.Kh2 Qe7 32.h5 Nc5 33.Nf2 Nb3 34.Rd1 Qf6 35.Qa7 Qd6 36.Bg4 Bxg4
37.Nxg4 gxh5 38.Ne3 Nd4 39.Kh1 Qf6 40.Nf5 Nxf5 41.exf5 Qd6 42.Qf2 e4 43.Qe3 Rxf5
44.Qxe4 Rf4 45.Qe8+ Kg7 46.Qxh5 Qe7 47.Kg1 Rh4 48.Qf3 Qc5+ 49.Kf1 Rh1+ 50.Ke2 Qe7+
51.Kf2 Rxd1 52.Qxd1 Qh4+  1/2-1/2

[Event "Donner mem"]
[Site "Amsterdam"]
[Date "1996.??.??"]
[Round "8"]
[White "Sokolov, Ivan"]
[Black "Granda Zuniga, Julio E"]
[Result "1/2-1/2"]
[WhiteElo "2670"]
[BlackElo "2610"]

1.d4 Nf6 2.c4 e6 3.Nc3 Bb4 4.e3 O-O 5.Bd3 d5 6.cxd5 exd5 7.Ne2 Re8 8.O-O b6
9.f3 Bb7 10.g4 c5 11.a3 cxd4 12.exd4 Bf8 13.Ng3 g6 14.Bf4 Re6 15.Kg2 Nc6
16.Nge2 Na5 17.b3 Rc8 18.h4 Bg7 19.Rc1 Qe7 20.Nb5 a6 21.Rxc8+ Bxc8 22.Nc7 Rc6
23.Nxa6 Bxa6 24.Bxa6 Qxa3 25.Bb5 Rc8 26.Be5 Qxb3 27.Qxb3 Nxb3 28.Nf4 h6 29.Rf2 g5
30.hxg5 hxg5 31.Ba6 Ra8 32.Bb7 Ra7 33.Nxd5 Nxd5 34.Bxd5 Nxd4 35.Bxd4 Bxd4
36.Rd2 Be3 37.Ra2 Rc7 38.Kf1 Kg7 39.Ke2 Bc5 40.Ra8 Rd7 41.Be4 Kf6 42.Rb8 Ke5
43.Rb7  1/2-1/2

[Event "Buenos Aires Najdorf"]
[Site "Buenos Aires"]
[Date "1996.??.??"]
[Round "1"]
[White "Granda Zuniga, Julio E"]
[Black "Slipak, Sergio"]
[Result "0-1"]
[WhiteElo "2600"]
[BlackElo "2535"]

1.e4 e5 2.d4 exd4 3.Qxd4 Nc6 4.Qe3 Nf6 5.Bd2 Bb4 6.Nc3 O-O 7.O-O-O Re8 8.Qg3 Rxe4
9.Bg5 Bxc3 10.Qxc3 h6 11.Bxf6 Qxf6 12.Qxf6 gxf6 13.Ne2 Ne7 14.Nc3 Re5 15.f4 Rc5
16.g4 d5 17.f5 Bd7 18.h4 Bc6 19.Rh3 a5 20.Bd3 Rd8 21.Ne2 Bb5 22.Bxb5 Rxb5
23.Nf4 d4 24.Nh5 Rd6 25.Re1 Kf8 26.Re4 Nc6 27.Rb3 Rb4 28.Rxb4 axb4 29.Ng3 Ne7
30.Ne2 c5 31.Nf4 Nd5 32.Nd3 b6 33.Nf2 Rd7 34.Kd2 Ra7  0-1

[Event "Buenos Aires Najdorf"]
[Site "Buenos Aires"]
[Date "1996.??.??"]
[Round "4"]
[White "Tiviakov, Sergei"]
[Black "Granda Zuniga, Julio E"]
[Result "1/2-1/2"]
[WhiteElo "2625"]
[BlackElo "2600"]

1.e4 c6 2.d4 d5 3.Nd2 dxe4 4.Nxe4 Bf5 5.Ng3 Bg6 6.h4 h6 7.Nf3 Nf6 8.h5 Bh7
9.Bd3 Bxd3 10.Qxd3 e6 11.Bd2 Nbd7 12.O-O-O Be7 13.Ne4 Qc7 14.Nxf6+  1/2-1/2

[Event "Buenos Aires Najdorf"]
[Site "Buenos Aires"]
[Date "1996.??.??"]
[Round "5"]
[White "Granda Zuniga, Julio E"]
[Black "Zarnicki, Pablo"]
[Result "1/2-1/2"]
[WhiteElo "2600"]
[BlackElo "2545"]

1.d4 Nf6 2.c4 e6 3.Nf3 b6 4.g3 Ba6 5.b3 Bb4+ 6.Bd2 Be7 7.Bg2 c6 8.Bc3 d5
9.Ne5 Nfd7 10.Nxd7 Nxd7 11.Nd2 O-O 12.O-O Rc8 13.Re1 f5 14.a4 Bd6 15.a5 b5
16.c5 Bb8 17.Nf3 Qe7 18.b4 Rce8 19.Ne5 Nxe5 20.dxe5 Bc8 21.e3 g5 22.Qd4 Qg7
23.f3 Rd8 24.Kf2 Bd7 25.Rh1 h5 26.Rag1 Be8 27.Bf1 Bg6 28.Be2 a6 29.h3 Bc7
30.Ke1 Rd7 31.h4 g4 32.f4  1/2-1/2

[Event "Buenos Aires Najdorf"]
[Site "Buenos Aires"]
[Date "1996.??.??"]
[Round "6"]
[White "Milov, Vadim"]
[Black "Granda Zuniga, Julio E"]
[Result "1/2-1/2"]
[WhiteElo "2585"]
[BlackElo "2600"]

1.d4 Nf6 2.c4 e6 3.Nc3 Bb4 4.e3 O-O 5.Bd3 d5 6.a3 Bxc3+ 7.bxc3 dxc4 8.Bxc4 c5
9.Bb2 Qa5 10.Nf3 cxd4 11.exd4 b6 12.O-O Ba6 13.Bd3 Rc8 14.Rc1 Bxd3 15.Qxd3 b5
16.Nd2 Nbd7 17.a4 b4 18.c4 Qxa4 19.Ra1 Qc6 20.Ra5 Ne8 21.Rfa1 a6 22.h3 h6
23.R1a4 Rcb8 24.Qb3 Qb7 25.Ra1 Rd8 26.Qa4 Nb8 27.Nb3 Nd6 28.Nc5 Qc8 29.Qb3 Nc6
30.Rxa6 Rxa6 31.Nxa6 Nf5 32.d5 exd5 33.cxd5 Ncd4 34.Qd3 Qc2 35.Qxc2 Nxc2
36.Rd1 Nd6 37.Rd2 Rc8 38.Rd3 Re8 39.Rd2 Rc8 40.Rd3 Ra8 41.Nc5 f6 42.Nb3 Kf7
43.Bc1 g5 44.h4 Rc8 45.hxg5 hxg5 46.Bd2 Nc4 47.f4 Nb2 48.Rh3 g4 49.Rh7+ Kg6
50.Rb7 Nc4 51.Bxb4 g3 52.d6 Nxb4 53.d7 Rd8 54.Rxb4 Rxd7 55.Kf1 Ne3+ 56.Ke2 Nf5
57.Nd2 Re7+ 58.Ne4 Nh4 59.Kf1 Nf5 60.Ke2  1/2-1/2

[Event "Buenos Aires Najdorf"]
[Site "Buenos Aires"]
[Date "1996.??.??"]
[Round "7"]
[White "Granda Zuniga, Julio E"]
[Black "Magem Badals, Jorge"]
[Result "1/2-1/2"]
[WhiteElo "2600"]
[BlackElo "2565"]

1.Nf3 d5 2.b3 Bg4 3.e3 Nd7 4.Bb2 e6 5.d3 Ngf6 6.Nbd2 Bd6 7.h3 Bh5 8.g4 Bg6
9.Nh4 Qe7 10.a3 O-O-O 11.Bg2 c6 12.Qe2 Ne8 13.Nxg6 hxg6 14.c4 f5 15.b4 fxg4
16.Qxg4 Nef6 17.Qe2 e5 18.O-O-O Kb8 19.Kb1 e4 20.d4 dxc4 21.Nxc4 Bc7 22.Qc2 Qe6
23.Rhf1 g5 24.Rc1 Rde8 25.Nd2 a6 26.Rg1 Bh2 27.Rgd1 g4 28.hxg4 Qxg4 29.Bf1 Nd5
30.Nb3 Bc7 31.Bc4 Qf5 32.Rg1 Rh2 33.Bxd5 Rxf2 34.Qc3 Qxd5 35.Rxg7 Rh8 36.Rc2 Rh1+
37.Bc1 Rhh2 38.Rxf2 Rxf2 39.Nd2 Nf6 40.Qb3 Qxb3+ 41.Nxb3 Nd5 42.Nd2 Nxe3
43.Nxe4 Rf1 44.Nc5 Nd5 45.Kc2 Rf3  1/2-1/2

[Event "Buenos Aires Najdorf"]
[Site "Buenos Aires"]
[Date "1996.??.??"]
[Round "8"]
[White "Granda Zuniga, Julio E"]
[Black "Almasi, Zoltan"]
[Result "1/2-1/2"]
[WhiteElo "2600"]
[BlackElo "2650"]

1.d4 Nf6 2.c4 e6 3.Nc3 Bb4 4.Qc2 O-O 5.a3 Bxc3+ 6.Qxc3 b6 7.Bg5 Bb7 8.e3 d6
9.f3 Nbd7 10.Bd3 c5 11.Ne2 Rc8 12.O-O h6 13.Bh4 Ba6 14.b3 d5 15.Rfc1 cxd4
16.exd4 dxc4 17.bxc4 Bxc4 18.Bxc4 b5 19.Qb3 bxc4 20.Rxc4 Rxc4 21.Qxc4 Qb6
22.Bxf6 Nxf6 23.a4 Nd5 24.Qb5 Rb8 25.Qxb6 Rxb6 26.Ra2 a5 27.Kf2 Rb4 28.Nc1 Nc3
29.Ra3 Rb2+ 30.Kg1 Nd5 31.Nb3 Ne3 32.Nxa5 Rxg2+ 33.Kh1 Re2 34.Ra1 Nc2 35.Ra2 Re1+
36.Kg2 Nb4 37.Ra3 Re2+ 38.Kg1 Nc2 39.Ra2 Nxd4 40.Ra3 Rc2 41.Nb7 Rc7 42.Nd6 Kf8
43.a5 Ke7 44.a6 Kxd6 45.a7 Nxf3+ 46.Kf2 Rc8 47.a8=Q Rxa8 48.Rxa8 Ne5 49.h4 h5
50.Kg3 g6 51.Kf4 f6 52.Rg8 Ke7 53.Rg7+ Kf8 54.Ra7 Ng4 55.Ra8+ Kg7 56.Ra7+ Kh6
57.Ra6 e5+ 58.Ke4 g5 59.Kf5 gxh4 60.Ra3 Nf2 61.Rf3 Ng4 62.Ra3 h3 63.Rxh3 e4
64.Ra3 e3 65.Ra2 Kg7 66.Ra1 Kf7 67.Rh1 Ke7 68.Kf4 Nf2 69.Ra1 Ng4 70.Rh1 Nf2
71.Ra1 e2 72.Kf3 Ng4 73.Kxe2 Ke6 74.Rh1 Ne5  1/2-1/2

[Event "Buenos Aires Najdorf"]
[Site "Buenos Aires"]
[Date "1996.??.??"]
[Round "9"]
[White "Ricardi, Pablo"]
[Black "Granda Zuniga, Julio E"]
[Result "0-1"]
[WhiteElo "2555"]
[BlackElo "2600"]

1.e4 c5 2.Nf3 Nc6 3.Bb5 e6 4.O-O Nge7 5.c3 a6 6.Bxc6 Nxc6 7.d4 d5 8.exd5 Qxd5
9.Be3 c4 10.b3 Be7 11.bxc4 Qxc4 12.Nbd2 Qd3 13.c4 O-O 14.Rc1 b5 15.cxb5 Qxb5
16.Nc4 Bb7 17.Nb6 Rad8 18.Rb1 Nb4 19.a3 Qxb6 20.axb4 Be4 21.Rb3 Qb7 22.Qe2 Rd5
23.Rc1 Rb5 24.Nd2 Bd5 25.Rbc3 Bd6 26.Nb3 Bxg2 27.Nc5 Qa8 28.Qg4 Bf3 29.Qh3 Bd5
30.Bd2 Rxb4 31.Qh4 Bxc5 32.Rh3 Be4 33.dxc5 Rb1 34.Rxb1 Bxb1 35.Rg3  0-1

[Event "Pamplona9596"]
[Site "Pamplona"]
[Date "1996.??.??"]
[Round "?"]
[White "Zvjaginsev, Vadim"]
[Black "Granda Zuniga, Julio E"]
[Result "0-1"]
[WhiteElo "2600"]
[BlackElo "2605"]

1.Nf3 d5 2.c4 d4 3.e3 Nc6 4.exd4 Nxd4 5.Nxd4 Qxd4 6.Nc3 c6 7.d3 Nh6 8.Be3 Qd8
9.Bxh6 gxh6 10.d4 Bg7 11.d5 Qd6 12.Rc1 Qg6 13.Qf3 Qg5 14.Qe3 Be5 15.Qxg5 hxg5
16.Bd3 cxd5 17.cxd5 Bd7 18.O-O Rc8 19.Ne4 Rxc1 20.Rxc1 b6 21.b3 f5 22.Nc3 Kf7
23.Nb5 Ra8 24.Rc2 a6 25.Nc7 Rc8 26.Ne6 Kf6 27.g3 Rxc2 28.Bxc2 h6 29.Bd3 Bc8
30.f4 gxf4 31.Nxf4 Bb7 32.Kf2 Bd6 33.Ke2 Ba3 34.Ke3 Bc8 35.Bf1 Ke5 36.Bh3 Bc1+
37.Kf3 Bxf4 38.gxf4+ Kd4 39.Bf1 b5 40.Kg3 Bd7 41.b4 Kc3 42.Kh4 Be8 43.Be2 Bf7
44.Bh5 Bxd5 45.Bg6 Bf3 46.Bh5 Be4 47.Bf7 Bf3 48.Bh5 Bxh5 49.Kxh5 Kd4  0-1

[Event "Pamplona9596"]
[Site "Pamplona"]
[Date "1996.??.??"]
[Round "?"]
[White "Granda Zuniga, Julio E"]
[Black "Magem Badals, Jorge"]
[Result "1/2-1/2"]
[WhiteElo "2605"]
[BlackElo "2560"]

1.e4 c6 2.d4 d5 3.e5 Bf5 4.Nf3 e6 5.Be2 c5 6.Be3 Qb6 7.Nc3 Nc6 8.O-O c4 9.b3 Qa5
10.Bd2 Bb4 11.Qe1 b5 12.a3 Bxc3 13.Bxc3 Qb6 14.Qd2 Nge7 15.Rfb1 O-O 16.bxc4 dxc4
17.a4 b4 18.Bxb4 Rab8 19.a5 Qb5 20.Bc5 Qxb1+ 21.Rxb1 Rxb1+ 22.Ne1 Bxc2 23.Bxc4 Rd1
24.Qc3 Rb8 25.Bxe7 Nxe7 26.h3 Rxe1+ 27.Kh2 Rbb1 28.Qxc2 Nf5 29.Bf1 g6 30.g4 Nxd4
31.Qc8+ Kg7  1/2-1/2

[Event "Pamplona9596"]
[Site "Pamplona"]
[Date "1996.??.??"]
[Round "?"]
[White "Granda Zuniga, Julio E"]
[Black "Ljubojevic, Ljubomir"]
[Result "1/2-1/2"]
[WhiteElo "2605"]
[BlackElo "2600"]

1.d4 Nf6 2.c4 e6 3.Nc3 Bb4 4.Qc2 O-O 5.a3 Bxc3+ 6.Qxc3 b6 7.Bg5 Bb7 8.f3 h6
9.Bh4 d5 10.e3 Nbd7 11.cxd5 exd5 12.Bd3 c5 13.Ne2 Rc8 14.O-O Re8 15.Rfe1 Ne4
16.Bxd8 Nxc3 17.Bh4 Nxe2+ 18.Rxe2 cxd4 19.exd4 Rxe2 20.Bxe2 Rc2 21.Bd1 Rc8
22.Be1 Nf8 23.Bc3 Ba6 24.a4 Ne6 25.a5 b5 26.Be2 Rc6 27.Re1 b4 28.Bxb4 Nxd4
29.Bxa6 Rxa6 30.Rd1 Nc2 31.Bd2 Rc6 32.Kf2 a6 33.g4 f6 34.h4 Kf7 35.h5 Ke6
36.Ke2 Nd4+ 37.Ke3 Rc4  1/2-1/2

[Event "PER-ch 44th"]
[Site "Peru"]
[Date "1996.??.??"]
[Round "1"]
[White "Urday, Henry"]
[Black "Granda Zuniga, Julio E"]
[Result "1/2-1/2"]
[WhiteElo "2470"]
[BlackElo "2600"]

1.d4 d5 2.c4 c6 3.Nc3 dxc4 4.a4 e5 5.dxe5 Qxd1+ 6.Kxd1 Be6 7.f4 Na6 8.Nf3 Rd8+
9.Ke1 Nb4 10.Kf2 Nc2 11.Rb1 Bc5+ 12.Kg3 Ne3 13.Bxe3 Bxe3 14.Ng5 Bd5 15.Nge4 f5
16.Nxd5 cxd5 17.Nc3 g5 18.fxg5 Ne7 19.h4 Nc6 20.Nd1 Bd2 21.e3 O-O 22.Be2 Rde8
23.Bf3 Rxe5 24.Nc3 f4+ 25.exf4 Bxf4+ 26.Kh3 Nb4 27.Rhf1 Re3 28.Rbe1 d4 29.Rxe3 Bxe3
30.Ne4 Kh8 31.Nf6 c3 32.bxc3 dxc3 33.Rd1 Bd2 34.Be4 h6 35.Kg4 Nc6 36.Rb1 b6
37.Rf1 Nd4 38.Kh5 Kg7 39.Kg4 Kh8 40.Kh5 hxg5 41.hxg5 Ne6 42.Kg6 Nf4+ 43.Kf5 Kg7
44.Rxf4 Bxf4 45.Kxf4 Rc8 46.Bc2 Rc4+ 47.Ke5 Rb4 48.Nh5+ Kg8 49.g6 Rb2 50.Nf6+ Kf8
51.Be4 Re2 52.g7+ Kxg7 53.Nh5+ Kh8 54.Nf4 Rd2 55.Nd3 c2 56.Nc1 Rd1 57.Nb3 c1=Q
58.Nxc1 Rxc1 59.Kd6 Kg7 60.Bc6 Kf6 61.Kc7 Ke5 62.g4 Rc5 63.Kb7 Kd6 64.Bb5 Rc7+
65.Ka6 Kc5 66.g5 Kb4 67.g6 Re7 68.Bc6 Re6 69.g7 Rg6 70.Kxa7 Ka5 71.Bb5 Rxg7+
72.Kb8 Kb4 73.Kc8 Ra7 74.Bc6 Rxa4 75.Kb7 b5 76.Kb6 Ra5 77.Bd5 Ra3 78.Bc6 Rh3
79.Bxb5 Rh6+ 80.Bc6 Rg6 81.Kc7 Kc5 82.Bh1 Rg7+ 83.Kc8 Kd6 84.Bf3 Rc7+ 85.Kb8 Rf7
86.Bg2 Kc5 87.Kc8  1/2-1/2

[Event "PER-ch 44th"]
[Site "Peru"]
[Date "1996.??.??"]
[Round "2"]
[White "Granda Zuniga, Julio E"]
[Black "Fuentes, Moises"]
[Result "1-0"]
[WhiteElo "2600"]
[BlackElo "2385"]

1.d4 Nf6 2.c4 c5 3.d5 e6 4.Nc3 exd5 5.cxd5 d6 6.e4 g6 7.Nf3 Bg7 8.Bf4 O-O
9.Nd2 Re8 10.Be2 b6 11.O-O Ba6 12.Bxa6 Nxa6 13.h3 Qd7 14.Re1 b5 15.a4 Nb4
16.Nb3 bxa4 17.Na5 Nh5 18.Be3 Be5 19.Nc4 Bf4 20.Qd2 Bxe3 21.Rxe3 Rab8 22.Rxa4 Nf6
23.Ra1 a6 24.Rae1 Kg7 25.Nxd6 Qxd6 26.e5 Rxe5 27.Rxe5 c4 28.Re7 Nbxd5 29.R7e5 Rd8
30.Rxd5 Nxd5 31.Rd1  1-0

[Event "PER-ch 44th"]
[Site "Peru"]
[Date "1996.??.??"]
[Round "5"]
[White "Pacheco Asmat, Jorge"]
[Black "Granda Zuniga, Julio E"]
[Result "1/2-1/2"]
[WhiteElo "2365"]
[BlackElo "2600"]

1.e4 e6 2.d4 d5 3.Nc3 Bb4 4.e5 c5 5.a3 Bxc3+ 6.bxc3 Ne7 7.Nf3 b6 8.Bd3 Ba6
9.a4 Bxd3 10.Qxd3 Nd7 11.O-O Qc7 12.Ba3 h6 13.Nd2 O-O 14.f4 f5 15.c4 Qc6
16.cxd5 exd5 17.c4 Rac8 18.Qf3 Qe6 19.Rac1 Rfd8 20.cxd5 Nxd5 21.dxc5 Nxc5
22.Bxc5 Rxc5 23.Rxc5 bxc5 24.Nc4 Nxf4 25.Qxf4 Rd4 26.Qxf5 Qxf5 27.Rxf5 Rxc4
28.e6 Re4 29.Rxc5  1/2-1/2